Škola nanečisto čo má čaká v prvej triede: už sa teším do školy : [cvičíme si ruku : učíme sa písmená : učíme sa číslice]

Bibliographic Details
Main Authors: Doležalová, Věra, 1956- (Author), Šimčíková, Radana, 1964- (Author)
Other Authors: Bureš, Martin (Illustrator), Tkáčiková, Lucia (Translator)
Format: Book
Language:Slovak
Czech
PhysicalDescription:119 s., [3] s. fareb. ilustr. príl. fareb. ilustr. 28 cm
Published: Bratislava Svojtka 2012
ISBN:9788081075520
Edition:1. vyd.
Subjects:

MARC

LEADER 00000nam a22000005a 4500
001 vtls010465290
003 SK-MaSNL
005 20260301085634.0
008 240313s2012 xo a a 000 0 slo
015 |a SNBA2013 
020 |a 9788081075520  |q (viaz.) 
035 |a 3A2AF6FA-41EE-4F29-B185-3B9F3865EAD5 
035 |a urn:nbn:sk:snk-amjycg 
035 |a urn:nbn:sk:snk-am0082wa 
040 |a SNK  |b slo  |c SNK  |e AACR2 
041 1 |a slo  |h cze 
044 |a xo  |c SK 
072 7 |a 373.2/.3  |x Predškolská a primárna výchova a vzdelávanie  |2 konspekt 
072 7 |a 0/9-053.2  |x Literatúra pre deti a mládež (náučná)  |2 konspekt 
080 |a 373.2  |2 2001 
080 |a 159.955  |2 2001 
080 |a (0.053.2)  |2 2001 
080 |a (076.1)  |2 2001 
100 1 |a Doležalová, Věra,  |d 1956-  |4 aut  |9 416069 
240 1 0 |a Škola nanečisto  |l Slovensky 
245 1 0 |a Škola nanečisto  |b čo má čaká v prvej triede: už sa teším do školy : [cvičíme si ruku : učíme sa písmená : učíme sa číslice]  |c Věra Doležalová, Radana Šimčíková ; [ilustrácie Martin Bureš ; preklad: Lucia Tkáčiková] 
250 |a 1. vyd. 
260 |a Bratislava  |b Svojtka  |c 2012 
300 |a 119 s., [3] s. fareb. ilustr. príl.  |b fareb. ilustr.  |c 28 cm 
650 0 7 |a predškolská výchova  |2 SNKPH  |9 3959 
650 0 7 |a Preschool education  |2 SNKPHeng  |9 267868 
650 0 7 |a Development of thought  |2 SNKPHeng  |9 312971 
650 0 7 |a rozvoj myslenia  |2 SNKPH  |9 3967 
655 7 |a publikácie pre deti  |2 SNKPH  |9 70148 
655 7 |a pracovné zošity  |2 SNKPH  |9 70188 
655 7 |a Children's literature  |2 SNKPHeng  |9 276039 
655 7 |a Activity books  |2 SNKPHeng  |9 302885 
700 1 |a Šimčíková, Radana,  |d 1964-  |4 aut  |9 416070 
700 1 |a Bureš, Martin  |4 ill  |9 416071 
700 1 |a Tkáčiková, Lucia  |4 trl  |9 317825 
919 |a 978-80-8107-552-0 
958 |a OP 
968 |b CZE 
999 |c 666271  |d 668201 
952 |a SNK  |b SNK  |y PREZ  |7 0  |p 17A1055449  |o snkSB 83968  |i snk2012/22155  |8 0  |0 0  |1 0  |4 0  |d 2012-10-30  |f 1  |l 0  |r 2025-05-06 00:00:00  |w 2026-02-23 
952 |a SNK  |b SNK  |y VYP  |7 0  |p 17A1055450  |o snkSB 83968 D1  |i snk2012/22157  |8 0  |0 0  |1 0  |4 0  |d 2012-10-30  |l 0  |r 2016-06-30 00:00:00  |w 2026-02-23